000
00320nam a22001457a 4500
008
221104b ||||| |||| 00| 0 eng d
020
_a
9780205359134
041
_a
eng
080
_a
51
082
_a
51 VOG
100
_a
20.1
101
_a
MATE
245
_a
QUANTITATIVE RESEARCH METHODS
_c
VOGT P
942
_2
udc
_c
BK
999
_c
58745
_d
58745